Las palabras y las cosas: una arqueología de las ciencias humanas

Αποθηκεύτηκε σε:
Λεπτομέρειες βιβλιογραφικής εγγραφής
Κύριος συγγραφέας: Foucault, Michel (Συγγραφέας)
Μορφή: Βιβλίο
Γλώσσα:Ισπανικά
Έκδοση: Ciudad de México Siglo Veintiuno 1999
Έκδοση:28a. ed
Θέματα:
Ετικέτες: Προσθήκη ετικέτας
Δεν υπάρχουν, Καταχωρήστε ετικέτα πρώτοι!

MARC

LEADER 00000nam a2200000 a 4500
001 UCP5587
003 CL-VaPUC
008 990927e19990000MX |||||||||||||||||spa|d
082 0 4 |a 401  |b FOU  |2 21 
100 |a Foucault, Michel  |e author  |9 257945 
245 1 4 |a Las palabras y las cosas: una arqueología de las ciencias humanas 
250 |a 28a. ed 
300 |a 375 p 
942 |c BK 
945 |d 19990927 00:00:00  |a rbrito 
260 |a Ciudad de México  |b Siglo Veintiuno  |c 1999 
650 0 |a Filosofía francesa   |9 255698 
650 0 |a Análisis del discurso  |9 256696 
650 0 |a Filosofía del lenguaje  |9 257082 
583 |a last modification  |c 19990927 00:00:00  |k Rodrigo Vera 
999 |c 283315  |d 283313 
952 |0 0  |1 0  |4 0  |6 401_000000000000000_FOU_1999  |7 0  |8 R  |9 326283  |a BIBEDU  |b BIBEDU  |c MCIRC  |d 2019-11-20  |i 3559742  |l 1  |o 401 FOU 1999  |p 3559742  |r 2023-01-13  |s 2022-09-28  |w 2019-11-20  |y BK_R  |k BME 
952 |0 0  |1 0  |4 0  |6 401_000000000000000_FOU_1999  |7 0  |8 R  |9 326284  |a BIBEDU  |b BIBEDU  |c MCIRC  |d 2019-11-20  |i 3559750  |l 1  |o 401 FOU 1999  |p 3559750  |r 2024-10-22  |s 2024-10-21  |w 2019-11-20  |y BK_R  |k BME 
952 |0 0  |1 0  |4 0  |6 401_000000000000000_FOU_1999  |7 0  |8 R  |9 326285  |a BIBGIM  |b BIBGIM  |d 2019-11-20  |i 3694577  |o 401 FOU 1999  |p 3694577  |r 2025-01-15  |w 2019-11-20  |y BK_R  |k GIM 
952 |0 0  |1 0  |4 0  |6 401_000000000000000_FOU_1999  |7 0  |8 R  |9 326286  |a BIBGIM  |b BIBGIM  |d 2019-11-20  |i 3694569  |o 401 FOU 1999  |p 3694569  |r 2025-01-15  |w 2019-11-20  |y BK_R  |k GIM